| 000 -LEADER |
| fixed length control field |
02019cam a2200349 i 4500 |
| 001 - CONTROL NUMBER |
| control field |
20040779 |
| 005 - DATE AND TIME OF LATEST TRANSACTION |
| control field |
20221005094921.0 |
| 008 - FIXED-LENGTH DATA ELEMENTS--GENERAL INFORMATION |
| fixed length control field |
170928s2018 nyu b 001 0 eng |
| 010 ## - LIBRARY OF CONGRESS CONTROL NUMBER |
| LC control number |
2017031426 |
| 020 ## - INTERNATIONAL STANDARD BOOK NUMBER |
| International Standard Book Number |
9781138205420 (hardback : alk. paper) |
| 020 ## - INTERNATIONAL STANDARD BOOK NUMBER |
| Canceled/invalid ISBN |
9781315467092 (ebk) |
| 040 ## - CATALOGING SOURCE |
| Original cataloging agency |
DLC |
| Language of cataloging |
eng |
| Transcribing agency |
DLC |
| Description conventions |
rda |
| Modifying agency |
DLC |
| 042 ## - AUTHENTICATION CODE |
| Authentication code |
pcc |
| 043 ## - GEOGRAPHIC AREA CODE |
| Geographic area code |
a-cc--- |
| 050 00 - LIBRARY OF CONGRESS CALL NUMBER |
| Classification number |
HD58.6 |
| Item number |
.W36 2018 |
| 082 00 - DEWEY DECIMAL CLASSIFICATION NUMBER |
| Classification number |
658.40520951 |
| Author Mark |
WAN |
| 100 1# - MAIN ENTRY--PERSONAL NAME |
| Personal name |
Wang, Henry K. H., |
| Relator term |
author. |
| 9 (RLIN) |
99127 |
| 245 10 - TITLE STATEMENT |
| Title |
Business negotiations in China : |
| Remainder of title |
strategy, planning and management / |
| Statement of responsibility, etc. |
Henry K. H. Wang. |
| 264 #1 - PRODUCTION, PUBLICATION, DISTRIBUTION, MANUFACTURE, AND COPYRIGHT NOTICE |
| Place of production, publication, distribution, manufacture |
London ; |
| -- |
New York : |
| Name of producer, publisher, distributor, manufacturer |
Routledge/Taylor & Francis Group, |
| Date of production, publication, distribution, manufacture, or copyright notice |
2018. |
| 300 ## - PHYSICAL DESCRIPTION |
| Extent |
x, 203 pages ; |
| Dimensions |
24 cm |
| 336 ## - CONTENT TYPE |
| Content type term |
text |
| Content type code |
txt |
| Source |
rdacontent |
| 337 ## - MEDIA TYPE |
| Media type term |
unmediated |
| Media type code |
n |
| Source |
rdamedia |
| 338 ## - CARRIER TYPE |
| Carrier type term |
volume |
| Carrier type code |
nc |
| Source |
rdacarrier |
| 504 ## - BIBLIOGRAPHY, ETC. NOTE |
| Bibliography, etc. note |
Includes bibliographical references and index. |
| 505 0# - FORMATTED CONTENTS NOTE |
| Formatted contents note |
The context of negotiations in china -- China negotiation models -- China business negotiation processes -- China business negotiation cultures -- Negotiation team selection and preparations -- Selection of team for business negotiations in China -- Preparations for business negotiations in China -- The negotiation cycle and stages -- China business negotiation opening stages -- China business negotiation stages and progress -- China business negotiation final stages -- China joint venture negotiations & establishment -- China joint venture agreements negotiations -- China joint venture post negotiation implementation -- Bibliography -- Glossary -- Index. |
| 650 #0 - SUBJECT ADDED ENTRY--TOPICAL TERM |
| Topical term or geographic name entry element |
Negotiation in business |
| Geographic subdivision |
China. |
| 9 (RLIN) |
99128 |
| 650 #0 - SUBJECT ADDED ENTRY--TOPICAL TERM |
| Topical term or geographic name entry element |
Strategic planning |
| Geographic subdivision |
China. |
| 9 (RLIN) |
99129 |
| 776 08 - ADDITIONAL PHYSICAL FORM ENTRY |
| Relationship information |
Online version: |
| Main entry heading |
Wang, Henry K. H., author. |
| Title |
Business negotiations in China |
| Edition |
1 Edition. |
| Place, publisher, and date of publication |
New York : Routledge, 2018 |
| International Standard Book Number |
9781315467092 |
| Record control number |
(DLC) 2017047493 |
| 906 ## - LOCAL DATA ELEMENT F, LDF (RLIN) |
| a |
7 |
| b |
cbc |
| c |
orignew |
| d |
1 |
| e |
ecip |
| f |
20 |
| g |
y-gencatlg |
| 942 ## - ADDED ENTRY ELEMENTS (KOHA) |
| Source of classification or shelving scheme |
|
| Koha item type |
Book |